| 000 | 01938nam0a2200301 i 4500 | ||
|---|---|---|---|
| 001 | RU\NLR\BIBL_A\011108676 | ||
| 005 | 20260407230955.0 | ||
| 035 | _a(NLR Aleph) 011108676 | ||
| 090 |
_a11462367 _c11462367 |
||
| 100 | _a20160427d2014 u y0rusy50 ca | ||
| 101 | 0 | _arus | |
| 102 | _aRU | ||
| 105 | _aa z 000yy | ||
| 200 | 1 |
_aКультурные бренды волгоградских библиотек _eсборник материалов по итогам реализации регионального проекта в муниципальных библиотеках Волгоградской области _fВолгогр. обл. универ. б-ка им. М. Горького, Отд. науч.-исслед. и метод. работы _g[сост.: Нина Николаевна Ефимова _gред.: Тамара Ивановна Климова] |
|
| 210 |
_aВолгоград _cВОУНБ _d2014 |
||
| 215 |
_a42 с. _cил. _d21 |
||
| 320 | _aБиблиогр. в подстроч. примеч. | ||
| 606 | 1 |
_aБиблиотеки _jСборники _xПропаганда культурного наследия _yВолгоградская область _92281835 _3RU\NLR\AUTH\6601595245 |
|
| 686 | 1 | _aЧ735.113.39я43 | |
| 686 | 1 | _aЧ734(2Р-4Во)711.3я43 | |
| 702 | 1 |
_4220 _7ca _8rus _aЕфимова _bН. Н. _cбиблиограф _gНина Николаевна _9157696 _3RU\NLR\AUTH\770157736 |
|
| 702 | 1 |
_aКлимова _bТ. И. _gТамара Ивановна _4340 |
|
| 712 | 0 | 2 |
_4570 _aВолгоградская областная универсальная научная библиотека им. М. Горького _bОтдел научно-исследовательской и методической работы _3RU\NLR\AUTH\8810156219 _9807885 |
| 942 | _cBOOK | ||
| 980 | _aNBR | ||